[Event "Quebec-ch Seniors 50+"]
[Site "Montreal"]
[Date "2019.04.27"]
[Round "2"]
[White "Alcantara, Maximo Jr"]
[Black "Millette, Sylvain"]
[Result "1/2-1/2"]
[WhiteElo "1679"]
[BlackElo "1724"]
[PlyCount "52"]
[EventDate "2019.04.26"]
[EventType "swiss"]
[EventRounds "5"]
[EventCountry "CAN"]
[SourceTitle "EXT 2022"]
[Source "ChessBase"]
[SourceDate "2021.10.06"]
[SourceVersion "1"]
[SourceVersionDate "2021.10.06"]
[SourceQuality "1"]

1. Nf3 Nf6 2. d4 g6 3. g3 Bg7 4. Bg2 d5 5. 0-0 0-0 6. Re1 Nc6 7. c3 Re8 8. Nbd2 e5 9. dxe5 Nxe5 10. Nb3 c6 11. Nc5 Qb6 12. Nd3 Nfg4 13. Nfxe5 Nxe5 14. Be3 Qd8 15. Nxe5 Bxe5 16. Bd4 f5 17. Bxe5 Rxe5 18. Qd4 Qe7 19. c4 dxc4 20. Qxc4+ Be6 21. Qc3 Bd5 22. e3 Bxg2 23. Kxg2 Rd8 24. Rad1 Red5 25. Rxd5 Qe4+ 26. Kg1 Qxd5 1/2-1/2

[Event "Montreal Mercredi 08"]
[Site "Montreal"]
[Date "2018.09.13"]
[Round "5"]
[White "Jean, Robert"]
[Black "Millette, Sylvain"]
[Result "1/2-1/2"]
[WhiteElo "1683"]
[BlackElo "1692"]
[PlyCount "76"]
[EventDate "2018.08.29"]
[EventType "swiss"]
[EventRounds "5"]
[EventCountry "CAN"]
[SourceTitle "EXT 2022"]
[Source "ChessBase"]
[SourceDate "2021.10.06"]
[SourceVersion "1"]
[SourceVersionDate "2021.10.06"]
[SourceQuality "1"]

1. d4 Nf6 2. c4 g6 3. f3 c5 4. d5 d6 5. e4 Bg7 6. Nc3 0-0 7. Be3 e5 8. g4 Nxg4 9. fxg4 Qh4+ 10. Bf2 Qxg4 11. Qxg4 Bxg4 12. Be2 Bxe2 13. Ngxe2 a6 14. 0-0 f5 15. Bh4 Bf6 16. Bxf6 Rxf6 17. a4 Nd7 18. a5 Rc8 19. Kg2 f4 20. Ng1 g5 21. Nf3 Rg6 22. Kh1 Kf7 23. Rg1 Rcg8 24. Rg2 Nf6 25. Rag1 h6 26. b3 R8g7 27. h3 Nh5 28. Kh2 Ng3 29. Rxg3 fxg3+ 30. Rxg3 Rf6 31. Kg2 Rf4 32. Rg4 Rxg4+ 33. hxg4 Rg8 34. Ne2 b6 35. axb6 Rb8 36. Ng3 Rxb6 37. Nd2 a5 38. Kf2 Kg6 1/2-1/2

[Event "Montreal Mercredi 08"]
[Site "Montreal"]
[Date "2018.08.29"]
[Round "1"]
[White "O'Neill, Brendon"]
[Black "Millette, Sylvain"]
[Result "1/2-1/2"]
[WhiteElo "1702"]
[BlackElo "1692"]
[PlyCount "52"]
[EventDate "2018.08.29"]
[EventType "swiss"]
[EventRounds "5"]
[EventCountry "CAN"]
[SourceTitle "EXT 2022"]
[Source "ChessBase"]
[SourceDate "2021.10.06"]
[SourceVersion "1"]
[SourceVersionDate "2021.10.06"]
[SourceQuality "1"]

1. e4 Nf6 2. e5 Nd5 3. c4 Nb6 4. d4 d6 5. exd6 exd6 6. Nf3 Bg4 7. Be2 Be7 8. 0-0 0-0 9. Nc3 Bf6 10. Bf4 Nc6 11. Re1 Bxf3 12. Bxf3 Nxd4 13. Bxb7 Rb8 14. Be4 Ne6 15. Bg3 g6 16. Qe2 Qd7 17. Rad1 Rfe8 18. Qf3 Bg7 19. Bc6 Ng5 20. Rxe8+ Rxe8 21. Bxd7 Nxf3+ 22. gxf3 Nxd7 23. Nb5 Ne5 24. b3 Nxf3+ 25. Kf1 Rc8 26. Nxa7 Ra8 1/2-1/2

[Event "Montreal CC-ch"]
[Site "Montreal"]
[Date "2018.06.09"]
[Round "2.10"]
[White "Millette, Sylvain"]
[Black "Chang, Alexander Rz"]
[Result "0-1"]
[WhiteElo "1647"]
[BlackElo "1945"]
[PlyCount "62"]
[EventDate "2018.06.08"]
[EventType "swiss"]
[EventRounds "5"]
[EventCountry "CAN"]
[SourceTitle "EXT 2022"]
[Source "ChessBase"]
[SourceDate "2021.10.06"]
[SourceVersion "1"]
[SourceVersionDate "2021.10.06"]
[SourceQuality "1"]

1. e4 e5 2. Nc3 Bc5 3. Bc4 d6 4. d3 Nf6 5. Nf3 0-0 6. 0-0 Bg4 7. Bg5 c6 8. Be3 Bb6 9. h3 Bh5 10. g4 Bg6 11. Nh2 Nbd7 12. Qe2 Re8 13. Bb3 Nf8 14. f4 exf4 15. Rxf4 d5 16. Bxb6 Qxb6+ 17. Kg2 Ne6 18. Rxf6 gxf6 19. Qf3 dxe4 20. Nxe4 Bxe4 21. dxe4 Qd4 22. Rd1 Qe5 23. Qf5 Rad8 24. Rxd8 Rxd8 25. Nf3 Qxf5 26. exf5 Ng5 27. h4 Ne4 28. c3 Nd2 29. Nd4 Nxb3 30. axb3 c5 31. Nf3 Rd1 0-1

[Event "Montreal Mercredi 05"]
[Site "Montreal"]
[Date "2018.05.21"]
[Round "5"]
[White "Giurgiev, Silvius"]
[Black "Millette, Sylvain"]
[Result "1/2-1/2"]
[WhiteElo "1605"]
[BlackElo "1657"]
[PlyCount "125"]
[EventDate "2018.05.09"]
[EventType "swiss"]
[EventRounds "5"]
[EventCountry "CAN"]
[SourceTitle "EXT 2022"]
[Source "ChessBase"]
[SourceDate "2021.10.06"]
[SourceVersion "1"]
[SourceVersionDate "2021.10.06"]
[SourceQuality "1"]

1. e4 Nf6 2. e5 Nd5 3. Nf3 d6 4. d4 Nc6 5. Be2 Bg4 6. exd6 exd6 7. c4 Nb6 8. b3 Be7 9. Bb2 Bf6 10. Qd2 0-0 11. 0-0 Re8 12. Na3 d5 13. c5 Nd7 14. Rfe1 Nf8 15. Nc2 Ne6 16. b4 a6 17. h3 Bf5 18. Ne3 Be4 19. Ng4 Bxf3 20. Nxf6+ Qxf6 21. Bxf3 Rad8 22. Rad1 Ne7 23. Re5 c6 24. Bg4 Ng6 25. Rf5 Qe7 26. Re1 Qc7 27. Rf3 Ng5 28. Rfe3 Ne4 29. Qd1 Nf6 30. Rxe8+ Rxe8 31. Rxe8+ Nxe8 32. Bc1 Nf6 33. Bf5 Qe7 34. Kf1 Nh4 35. Bd3 Kf8 36. g3 Ng6 37. Qe2 Ne4 38. h4 Qe6 39. Kg2 Ne7 40. f3 Nf6 41. Qxe6 fxe6 42. a4 Nf5 43. Bb2 Nh5 44. Bxf5 exf5 45. Bc1 Kf7 46. b5 axb5 47. axb5 Nf6 48. Bd2 Ke6 49. Kf2 Ne8 50. Bf4 h6 51. Ke2 Nf6 52. Bd2 Nh7 53. Kf2 g5 54. hxg5 hxg5 55. Ke2 g4 56. f4 Nf6 57. Be1 Ne4 58. Kd3 Kd7 59. Kc2 Kc7 60. Kb3 Nf6 61. Kb4 Nd7 62. Kb3 Nb8 63. Kb4 1/2-1/2

[Event "Quebec-ch Senior"]
[Site "Montreal"]
[Date "2018.04.21"]
[Round "3.11"]
[White "Pincince, Jacques"]
[Black "Millette, Sylvain"]
[Result "1/2-1/2"]
[WhiteElo "1506"]
[BlackElo "1695"]
[PlyCount "69"]
[EventDate "2018.04.20"]
[EventType "swiss"]
[EventRounds "5"]
[EventCountry "CAN"]
[SourceTitle "EXT 2022"]
[Source "ChessBase"]
[SourceDate "2021.10.06"]
[SourceVersion "1"]
[SourceVersionDate "2021.10.06"]
[SourceQuality "1"]

1. e4 Nf6 2. Nc3 d5 3. exd5 Nxd5 4. Nxd5 Qxd5 5. d4 Nc6 6. Be3 e6 7. Nf3 b6 8. Be2 Be7 9. 0-0 Bb7 10. c3 0-0 11. Qc2 Rad8 12. Bd3 Qh5 13. Bf4 Bd6 14. Bg3 h6 15. Rae1 Nb4 16. cxb4 Bxf3 17. gxf3 Qxf3 18. Be4 Qh5 19. a3 f5 20. Bxd6 Rxd6 21. Bg2 Rf7 22. f4 g5 23. d5 exd5 24. Re8+ Kh7 25. Re5 gxf4 26. Rxf4 Rdf6 27. Rxd5 Qg6 28. Rd3 Qg5 29. Qf2 Rc6 30. Rd1 Rg6 31. Kh1 Rfg7 32. Bh3 Qh5 33. Rf3 f4 34. Rf1 Qd5 35. Qe2 1/2-1/2

[Event "Montreal Vendredi 12"]
[Site "Montreal"]
[Date "2017.12.08"]
[Round "2"]
[White "Turgeon, Yoakim"]
[Black "Millette, Sylvain"]
[Result "1-0"]
[WhiteElo "1795"]
[BlackElo "1752"]
[PlyCount "97"]
[EventDate "2017.12.01"]
[EventType "tourn"]
[EventRounds "3"]
[EventCountry "CAN"]
[SourceTitle "EXT 2022"]
[Source "ChessBase"]
[SourceDate "2021.10.06"]
[SourceVersion "1"]
[SourceVersionDate "2021.10.06"]
[SourceQuality "1"]

1. d4 Nf6 2. e3 g6 3. Bd3 d5 4. f4 e6 5. Nf3 Bg7 6. Nbd2 b6 7. Ne5 Ba6 8. Bxa6 Nxa6 9. c3 0-0 10. Qf3 c5 11. g4 cxd4 12. exd4 Nb8 13. h4 h5 14. gxh5 Nxh5 15. Nf1 Nd7 16. Nxd7 Qxd7 17. Ng3 Nxg3 18. Qxg3 f5 19. Qxg6 Rf6 20. Qg2 Qf7 21. h5 Rh6 22. Qe2 Kh7 23. Be3 Bf6 24. 0-0-0 Rg8 25. Rdg1 Rxg1+ 26. Bxg1 Qg7 27. Qxe6 Qg2 28. Qxf5+ Kh8 29. Qh3 Qe2 30. Be3 Bg7 31. f5 Rc6 32. h6 Bf6 33. h7 Qd3 34. Rg1 Rxc3+ 35. bxc3 Qxc3+ 36. Kd1 Qd3+ 37. Ke1 Bh4+ 38. Qxh4 Qxe3+ 39. Kf1 Qf3+ 40. Qf2 Qd1+ 41. Kg2 Qg4+ 42. Qg3 Qe2+ 43. Kh3 Qh5+ 44. Qh4 Qxf5+ 45. Qg4 Qd3+ 46. Kh2 Qd2+ 47. Kh3 Qh6+ 48. Qh4 Qe6+ 49. Kh2 1-0

[Event "Montreal Mercredi 11"]
[Site "Montreal"]
[Date "2017.12.06"]
[Round "4"]
[White "Brassard, Sylvain"]
[Black "Millette, Sylvain"]
[Result "1-0"]
[WhiteElo "1785"]
[BlackElo "1738"]
[PlyCount "105"]
[EventDate "2017.11.15"]
[EventType "swiss"]
[EventRounds "5"]
[EventCountry "CAN"]
[SourceTitle "EXT 2022"]
[Source "ChessBase"]
[SourceDate "2021.10.06"]
[SourceVersion "1"]
[SourceVersionDate "2021.10.06"]
[SourceQuality "1"]

1. e4 Nf6 2. e5 Nd5 3. d4 d6 4. Nf3 Bg4 5. Be2 Nc6 6. 0-0 dxe5 7. Nxe5 Bxe2 8. Qxe2 Nxd4 9. Qc4 f6 10. Qxd4 fxe5 11. Qxe5 Qd6 12. Qe4 0-0-0 13. Rd1 Qg6 14. Qxg6 hxg6 15. c4 Nb4 16. Rxd8+ Kxd8 17. Na3 Nd3 18. Bg5 Kc8 19. b3 e5 20. Rd1 e4 21. Nc2 Bd6 22. h3 Re8 23. Rd2 Be5 24. Re2 Bf4 25. Bxf4 Nxf4 26. Rd2 Nd3 27. Kf1 Nc1 28. Ne3 c6 29. Nd1 Rf8 30. Ne3 Rd8 31. Rc2 Nd3 32. a3 Nf4 33. h4 Rd3 34. g3 Ne6 35. Rb2 Nd4 36. Ng4 Nxb3 37. Ne5 Rc3 38. Nxg6 Nd4 39. Ne5 Rxa3 40. Nf7 Kc7 41. c5 b6 42. Ng5 e3 43. fxe3 Rxe3 44. Kf2 Re7 45. cxb6+ axb6 46. Ra2 Kb7 47. g4 c5 48. Nh3 b5 49. Nf4 b4 50. Rb2 Kc6 51. g5 Kb5 52. Nd5 Re4 53. Nc3+ 1-0

[Event "Montreal Mercredi 11"]
[Site "Montreal"]
[Date "2017.11.15"]
[Round "1"]
[White "Jia, Zhe"]
[Black "Millette, Sylvain"]
[Result "1/2-1/2"]
[WhiteElo "1805"]
[BlackElo "1738"]
[PlyCount "96"]
[EventDate "2017.11.15"]
[EventType "swiss"]
[EventRounds "5"]
[EventCountry "CAN"]
[SourceTitle "EXT 2022"]
[Source "ChessBase"]
[SourceDate "2021.10.06"]
[SourceVersion "1"]
[SourceVersionDate "2021.10.06"]
[SourceQuality "1"]

1. Nf3 Nf6 2. c4 g6 3. Nc3 d5 4. cxd5 Nxd5 5. e4 Nxc3 6. bxc3 c5 7. d4 Bg7 8. Be3 Qa5 9. Qd2 Nc6 10. h3 0-0 11. Be2 cxd4 12. cxd4 Qxd2+ 13. Kxd2 b6 14. Rac1 Bb7 15. Rhd1 Rfd8 16. Ke1 Rac8 17. e5 Nb4 18. Bc4 Bd5 19. a3 Bxc4 20. axb4 Bb3 21. Rxc8 Rxc8 22. Rc1 Rxc1+ 23. Bxc1 e6 24. Bd2 Kf8 25. Be3 Bd5 26. Ke2 a5 27. bxa5 bxa5 28. Kd2 Ke8 29. Kc2 f6 30. Bf4 Kd7 31. Ne1 fxe5 32. Bxe5 Bf8 33. f3 a4 34. Kb1 Bc4 35. g3 a3 36. Nc2 Bd3 37. Kc1 a2 38. Na1 Ba3+ 39. Kd2 Bb1 40. Kc3 Kc6 41. Kb3 Bd6 42. Bxd6 Kxd6 43. Kc3 Kd5 44. Nb3 h5 45. h4 Bf5 46. Na1 Bh3 47. Nc2 a1Q+ 48. Nxa1 Bg2 1/2-1/2

[Event "Montreal Mercredi 10"]
[Site "Montreal"]
[Date "2017.10.30"]
[Round "1"]
[White "Millette, Sylvain"]
[Black "Gauthier, Luc"]
[Result "1/2-1/2"]
[WhiteElo "1772"]
[BlackElo "1682"]
[PlyCount "75"]
[EventDate "2017.10.11"]
[EventType "swiss"]
[EventRounds "5"]
[EventCountry "CAN"]
[SourceTitle "EXT 2022"]
[Source "ChessBase"]
[SourceDate "2021.10.06"]
[SourceVersion "1"]
[SourceVersionDate "2021.10.06"]
[SourceQuality "1"]

1. Nf3 d5 2. g3 Nc6 3. d4 Bf5 4. c3 e6 5. Bg2 Nf6 6. Qb3 a6 7. Bg5 Be7 8. Bxf6 Bxf6 9. Qxb7 Na5 10. Qb4 c6 11. Qa4 Qb6 12. b4 Nc4 13. Nbd2 Nd6 14. 0-0 0-0 15. Nb3 Nc4 16. Nc5 e5 17. dxe5 Bxe5 18. Nxe5 Nxe5 19. e4 Be6 20. Rad1 a5 21. exd5 cxd5 22. Bxd5 Bxd5 23. Rxd5 axb4 24. Qxb4 Qc7 25. Qf4 f6 26. Rfd1 Qc6 27. Qe4 Rfe8 28. Rxe5 Qxe4 29. Rxe4 Rxe4 30. Nxe4 Rxa2 31. Rc1 Kf7 32. c4 Ke6 33. Nc3 Rb2 34. Nb5 Kd7 35. c5 Rxb5 36. c6+ Kc7 37. Re1 Kxc6 38. Rd1 1/2-1/2

[Event "Montreal Mercredi 10"]
[Site "Montreal"]
[Date "2017.10.25"]
[Round "3"]
[White "Jean, Robert"]
[Black "Millette, Sylvain"]
[Result "1-0"]
[WhiteElo "1751"]
[BlackElo "1772"]
[PlyCount "61"]
[EventDate "2017.10.11"]
[EventType "swiss"]
[EventRounds "5"]
[EventCountry "CAN"]
[SourceTitle "EXT 2022"]
[Source "ChessBase"]
[SourceDate "2021.10.06"]
[SourceVersion "1"]
[SourceVersionDate "2021.10.06"]
[SourceQuality "1"]

1. d4 Nf6 2. c4 g6 3. Nc3 d5 4. cxd5 Nxd5 5. e4 Nxc3 6. bxc3 c5 7. Be3 Bg7 8. Nf3 0-0 9. Be2 Nc6 10. 0-0 cxd4 11. cxd4 Bg4 12. Rb1 Bxf3 13. Bxf3 Nxd4 14. Rxb7 Nxf3+ 15. Qxf3 e6 16. Rd1 Qa5 17. g3 Rad8 18. Rxd8 Qxd8 19. Rxa7 f5 20. exf5 Rxf5 21. Qb7 Qd1+ 22. Kg2 Qd5+ 23. Qxd5 Rxd5 24. a4 Bd4 25. Ra8+ Kg7 26. Bxd4+ Rxd4 27. a5 Rd3 28. a6 Ra3 29. a7 h5 30. h4 Kf7 31. Rh8 1-0

[Event "Quebec-ch Senior"]
[Site "Montreal"]
[Date "2016.04.22"]
[Round "1.7"]
[White "Millette, Sylvain"]
[Black "Sonn, Eric"]
[Result "1-0"]
[WhiteElo "1725"]
[BlackElo "1513"]
[PlyCount "57"]
[EventDate "2016.04.22"]
[EventType "swiss"]
[EventRounds "5"]
[EventCountry "CAN"]
[SourceTitle "EXT 2022"]
[Source "ChessBase"]
[SourceDate "2021.10.06"]
[SourceVersion "1"]
[SourceVersionDate "2021.10.06"]
[SourceQuality "1"]

1. e4 e6 2. Nf3 c5 3. d4 cxd4 4. c3 dxc3 5. Nxc3 d6 6. Bc4 Be7 7. 0-0 Nf6 8. Qe2 Nbd7 9. Rd1 Qc7 10. Bf4 e5 11. Bg5 0-0 12. Rac1 Qb8 13. Nb5 Nc5 14. Bxf6 gxf6 15. b4 Ne6 16. Bxe6 Bxe6 17. Nc7 f5 18. Nxa8 Qxa8 19. exf5 Bxf5 20. Nd4 Bg6 21. Nb5 Qb8 22. Nc7 Bg5 23. Rc3 Qd8 24. Nd5 h5 25. Rc7 h4 26. Rxb7 Qa8 27. Rd7 h3 28. Qg4 Qc6 29. Qxg5 1-0

[Event "Montreal Mercredi 02"]
[Site "Montreal"]
[Date "2016.03.02"]
[Round "3"]
[White "Brassard, Sylvain"]
[Black "Millette, Sylvain"]
[Result "1-0"]
[WhiteElo "1814"]
[BlackElo "1776"]
[PlyCount "43"]
[EventDate "2016.02.17"]
[EventType "swiss"]
[EventRounds "5"]
[EventCountry "CAN"]
[SourceTitle "EXT 2022"]
[Source "ChessBase"]
[SourceDate "2021.10.06"]
[SourceVersion "1"]
[SourceVersionDate "2021.10.06"]
[SourceQuality "1"]

1. d4 Nf6 2. Bg5 g6 3. Bxf6 exf6 4. e3 d5 5. g3 Bg7 6. Nh3 Bxh3 7. Bxh3 Qe7 8. Bg2 Qb4+ 9. Nd2 c6 10. 0-0 f5 11. a3 Qd6 12. c4 dxc4 13. Nxc4 Qe6 14. Na5 b6 15. Nxc6 Nxc6 16. d5 Qd6 17. dxc6 Qxd1 18. Raxd1 Bxb2 19. Rd7 0-0 20. Rfd1 Bxa3 21. c7 Rac8 22. Bb7 1-0

[Event "Montreal Mercredi 02"]
[Site "Montreal"]
[Date "2016.02.24"]
[Round "2"]
[White "Millette, Sylvain"]
[Black "Zumsteg, Nicolas"]
[Result "0-1"]
[WhiteElo "1776"]
[BlackElo "1800"]
[PlyCount "58"]
[EventDate "2016.02.17"]
[EventType "swiss"]
[EventRounds "5"]
[EventCountry "CAN"]
[SourceTitle "EXT 2022"]
[Source "ChessBase"]
[SourceDate "2021.10.06"]
[SourceVersion "1"]
[SourceVersionDate "2021.10.06"]
[SourceQuality "1"]

1. e4 e6 2. Nf3 d5 3. exd5 exd5 4. d4 Bd6 5. g3 Nf6 6. Bg2 0-0 7. 0-0 Bg4 8. Bg5 h6 9. Bxf6 Qxf6 10. Qd3 c6 11. Nbd2 Nd7 12. c4 Rfe8 13. cxd5 cxd5 14. Rfe1 Bb4 15. Rxe8+ Rxe8 16. Qb5 Bxd2 17. Ne5 Rxe5 18. dxe5 Nxe5 19. Qxd5 Bb4 20. f4 Nc6 21. Rb1 Be6 22. Qe4 Bc5+ 23. Kh1 Bxa2 24. Qe8+ Kh7 25. Be4+ g6 26. Rd1 Be6 27. Bxc6 bxc6 28. Qxc6 Bb6 29. b4 Bg4 0-1

[Event "Montreal Mercredi 01"]
[Site "Montreal"]
[Date "2016.01.13"]
[Round "2"]
[White "Dumouchel, Alain"]
[Black "Millette, Sylvain"]
[Result "0-1"]
[WhiteElo "1748"]
[BlackElo "1770"]
[PlyCount "100"]
[EventDate "2016.01.06"]
[EventType "swiss"]
[EventRounds "5"]
[EventCountry "CAN"]
[SourceTitle "EXT 2022"]
[Source "ChessBase"]
[SourceDate "2021.10.06"]
[SourceVersion "1"]
[SourceVersionDate "2021.10.06"]
[SourceQuality "1"]

1. e4 Nf6 2. e5 Nd5 3. d4 d6 4. exd6 exd6 5. c4 Nb6 6. Nc3 Nc6 7. h3 Bf5 8. Nf3 Nb4 9. Bg5 Nc2+ 10. Qxc2 Qxg5 11. Qb3 Qe7+ 12. Be2 Bd3 13. 0-0 Bxe2 14. Nxe2 0-0-0 15. Nc3 f5 16. a4 g5 17. a5 Nd7 18. a6 b6 19. Qb5 Nb8 20. Qxf5+ Qd7 21. Qxg5 Be7 22. Qg4 Qxg4 23. hxg4 Nd7 24. Nd5 Bf6 25. Nb4 Nb8 26. Rfe1 Rhg8 27. Re4 Rde8 28. Rae1 Rxe4 29. Rxe4 c5 30. Nd5 Bd8 31. dxc5 dxc5 32. Ne5 Nxa6 33. f4 Nc7 34. f5 Nxd5 35. cxd5 Re8 36. d6 Kb7 37. d7 Rf8 38. Kf2 Kc7 39. Ke3 Kd6 40. Kf4 h6 41. Ng6 Rf7 42. Re6+ Kd5 43. Ne7+ Rxe7 44. Rxh6 Rxd7 45. g5 Bc7+ 46. Kg4 c4 47. g6 Be5 48. Kg5 Bxb2 49. Rh7 Rxh7 50. gxh7 Bh8 0-1

[Event "Montreal Mercredi 01"]
[Site "Montreal"]
[Date "2016.01.06"]
[Round "1"]
[White "Zumsteg, Nicolas"]
[Black "Millette, Sylvain"]
[Result "1-0"]
[WhiteElo "1776"]
[BlackElo "1770"]
[PlyCount "41"]
[EventDate "2016.01.06"]
[EventType "swiss"]
[EventRounds "5"]
[EventCountry "CAN"]
[SourceTitle "EXT 2022"]
[Source "ChessBase"]
[SourceDate "2021.10.06"]
[SourceVersion "1"]
[SourceVersionDate "2021.10.06"]
[SourceQuality "1"]

1. e4 Nf6 2. e5 Nd5 3. d4 d6 4. Nf3 Bg4 5. Be2 e6 6. c4 Nb6 7. Nfd2 Bxe2 8. Qxe2 Nc6 9. Nf3 dxe5 10. dxe5 Bb4+ 11. Bd2 Bxd2+ 12. Nbxd2 Nd4 13. Qe4 Nxf3+ 14. Nxf3 c6 15. Rd1 Qc7 16. 0-0 Nd7 17. Rd6 0-0 18. Rfd1 Rad8 19. Qd4 Nxe5 20. Rxd8 Nxf3+ 21. gxf3 1-0